Banana, breeding, and biotechnology: commodity advances through banana improvement project research, 1994-1998 (Record no. 35406)

MARC details
000 -LEADER
fixed length control field 01002nam a2200229 a 4500
008 - FIXED-LENGTH DATA ELEMENTS--GENERAL INFORMATION
fixed length control field 071022s1999 ||||||||||||||||| || u
020 ## - INTERNATIONAL STANDARD BOOK NUMBER
International Standard Book Number 0821344986
050 ## - LIBRARY OF CONGRESS CALL NUMBER
Classification number IBRD(06)ESD/1999/5
100 ## - MAIN ENTRY--PERSONAL NAME
Personal name Persley, Gabrielle J
245 10 - TITLE STATEMENT
Title Banana, breeding, and biotechnology: commodity advances through banana improvement project research, 1994-1998
Statement of responsibility, etc. edited by Gabriel J. Persley and Pamela George
260 ## - PUBLICATION, DISTRIBUTION, ETC.
Place of publication, distribution, etc. Washington, D.C.
Name of publisher, distributor, etc. World Bank
Date of publication, distribution, etc. 1999
300 ## - PHYSICAL DESCRIPTION
Extent ix, 62p.
350 ## - PRICE (NR) (BK AM CF MU VM SE) [OBSOLETE]
Price 0.00
490 ## - SERIES STATEMENT
Series statement Environmentally and Socially Sustainable Development
650 ## - SUBJECT ADDED ENTRY--TOPICAL TERM
Topical term or geographic name entry element CROP IMPROVEMENT--RESEARCH--CONGRESSES
650 ## - SUBJECT ADDED ENTRY--TOPICAL TERM
Topical term or geographic name entry element BANANAS--RESEARCH--CONGRESSES
650 ## - SUBJECT ADDED ENTRY--TOPICAL TERM
Topical term or geographic name entry element BANANAS--BREEDING--CONGRESSES
650 ## - SUBJECT ADDED ENTRY--TOPICAL TERM
Topical term or geographic name entry element BANANAS--DISEASES AND PEST RESISTANCE--GENETIC ASPECTS--CONGRESSES
700 ## - ADDED ENTRY--PERSONAL NAME
Personal name George, Pamela
710 ## - ADDED ENTRY--CORPORATE NAME
Corporate name or jurisdiction name as entry element World Bank
995 ## - RECOMMENDATION 995 [LOCAL, UNIMARC FRANCE]
-- 0.00
-- CBU-MAIN LIBRARY (Kitwe)
-- 1
-- 0.00
-- 1
-- AVAILABLE
-- Nov 6, 2007
-- International Publications
Holdings
Withdrawn status Lost status Source of classification or shelving scheme Damaged status Not for loan Home library Current library Shelving location Date acquired Total Checkouts Full call number Barcode Date last seen Price effective from Koha item type
          CBU-MAIN LIBRARY, KITWE. CBU-MAIN LIBRARY, KITWE.   11/30/2022   IBRD(06)ESD/1999/5 55833 11/30/2022 11/30/2022 MONOGRAPH